[Event "HUN Team League Ch. Csongrad Region"]
[Site "Csongrád County"]
[Date "2016.04.10"]
[Round "8.4"]
[White "Vidakovics, Istvan"]
[Black "Filep, Miklos Jr"]
[Result "1-0"]
[WhiteElo "2009"]
[BlackElo "1743"]
[PlyCount "55"]
[EventDate "2015.09.20"]

1. d4 f5 2. Nf3 Nf6 3. g3 e6 4. Bg2 d5 5. Nbd2 c5 6. c3 Nc6 7. O-O Bd6 8. Qa4
Bd7 9. Qb3 Qc7 10. a4 O-O 11. e3 c4 12. Qc2 a6 13. Ne1 b5 14. f3 Rae8 15. axb5
axb5 16. e4 f4 17. e5 Nxe5 18. dxe5 Bxe5 19. g4 d4 20. cxd4 Bxd4+ 21. Kh1 Nd5
22. Ne4 e5 23. Qd1 c3 24. Qb3 Kh8 25. bxc3 Nxc3 26. Nxc3 Bxc3 27. Bb2 Be6 28.
Qxc3 1-0

[Event "HUN Team League Ch. Csongrad Region"]
[Site "Csongrád County"]
[Date "2016.04.10"]
[Round "8.4"]
[White "Molnar, Jeno"]
[Black "Berczi, Peter"]
[Result "1/2-1/2"]
[WhiteElo "1686"]
[BlackElo "1825"]
[PlyCount "121"]
[EventDate "2015.09.20"]

1. e4 c5 2. c3 d5 3. exd5 Qxd5 4. d4 Nf6 5. Nf3 e6 6. Be2 Nc6 7. Be3 cxd4 8.
Bxd4 Nxd4 9. Qxd4 Qa5 10. O-O Be7 11. Nbd2 O-O 12. Ne4 Rd8 13. Nxf6+ Bxf6 14.
Qe4 Qb6 15. Qc2 Bd7 16. Rad1 Bc6 17. Rxd8+ Rxd8 18. Rd1 Rxd1+ 19. Bxd1 Kf8 20.
b3 h6 21. Be2 Qc5 22. c4 e5 23. Nd2 Qd4 24. h3 e4 25. Nf1 Bg5 26. Qd1 Qe5 27.
Ne3 f5 28. Nc2 Qb2 29. Nb4 Bd2 30. Nxc6 bxc6 31. a4 c5 32. Bh5 Ke7 33. Kh1 Kf6
34. Be8 Ke5 35. g3 Qc1 36. Qxc1 Bxc1 37. Bg6 Kf6 38. Bh7 g6 39. Bg8 Ke5 40. Bh7
Kf6 41. Bg8 Ke5 42. Bh7 g5 43. Kg2 Kd4 44. Bxf5 Kc3 45. Bd7 Kxb3 46. Bb5 Kb4
47. Kf1 Ka5 48. Ke2 a6 49. Bc6 Kb4 50. Bxe4 Kxa4 51. Kd1 Bb2 52. Kc2 Bd4 53. f4
Kb4 54. Bd5 a5 55. Kb1 Kb3 56. fxg5 a4 57. Be4 a3 58. Bc2+ Kxc4 59. gxh6 Kc3
60. Ba4 Kb4 61. Bd1 1/2-1/2

[Event "HUN Team League Ch. Csongrad Region"]
[Site "Csongrád County"]
[Date "2016.04.10"]
[Round "8.4"]
[White "Volford, Istvan"]
[Black "Toth, Sandor Sr"]
[Result "1-0"]
[WhiteElo "1776"]
[BlackElo "1796"]
[PlyCount "45"]
[EventDate "2015.09.20"]

1. e4 c5 2. Nc3 d6 3. g3 Nf6 4. Bg2 e6 5. f4 Be7 6. Nf3 Nc6 7. O-O O-O 8. d3 a6
9. h3 Qc7 10. Be3 b5 11. g4 Bb7 12. Ne2 Rad8 13. Ng3 e5 14. f5 d5 15. g5 Nxe4
16. dxe4 dxe4 17. Nd2 c4 18. Bxe4 Nd4 19. f6 Bc5 20. fxg7 Kxg7 21. Qh5 Rh8 22.
Qh6+ Kg8 23. Nh5 1-0

[Event "HUN Team League Ch. Csongrad Region"]
[Site "Csongrád County"]
[Date "2016.04.10"]
[Round "8.4"]
[White "Szajbely, Samuel Janos"]
[Black "Filep, Miklos Sr"]
[Result "0-1"]
[WhiteElo "1615"]
[BlackElo "1575"]
[PlyCount "44"]
[EventDate "2015.09.20"]

1. e4 c5 2. Nf3 Nc6 3. d4 cxd4 4. Nxd4 g6 5. Nc3 Bg7 6. Be3 a6 7. Be2 Qc7 8.
O-O Nxd4 9. Bxd4 e5 10. Nd5 Qc6 11. Bb6 Kf8 12. Qd3 Ne7 13. Qa3 d6 14. Bc7 Nxd5
15. Qxd6+ Ne7 16. Qd8+ Qe8 17. Rad1 Be6 18. Qd6 Qc6 19. Qd8+ Rxd8 20. Rxd8+ Qe8
21. Rxe8+ Kxe8 22. Rd1 f6 0-1

[Event "HUN Team League Ch. Csongrad Region"]
[Site "Csongrád County"]
[Date "2016.04.10"]
[Round "8.4"]
[White "Nagy, Dominik Noel"]
[Black "Torok, Mate"]
[Result "0-1"]
[WhiteElo "1425"]
[BlackElo "1448"]
[PlyCount "84"]
[EventDate "2015.09.20"]

1. d4 Nf6 2. c4 g6 3. Nc3 Bg7 4. Nf3 O-O 5. e4 d6 6. Bd3 Nc6 7. O-O Bg4 8. h3
Bxf3 9. Qxf3 Nxd4 10. Qd1 Nd7 11. Be3 a6 12. Rb1 Nc5 13. b4 Nd7 14. a3 b6 15.
Re1 a5 16. b5 Nc5 17. Nd5 e6 18. Nf4 a4 19. Bxd4 Bxd4 20. Bc2 Be5 21. Qg4 f5
22. exf5 exf5 23. Qe2 Bxf4 24. Qe7 Be5 25. Qxd8 Raxd8 26. Re2 Rfe8 27. Rbe1 Kf7
28. g3 Bf6 29. Rxe8 Rxe8 30. Rxe8 Kxe8 31. Kg2 Bb2 32. Bb1 Bxa3 33. Ba2 Nd3 34.
h4 Ke7 35. f3 Ke6 36. Kh3 Ke5 37. g4 f4 38. h5 g5 39. Bb1 Kd4 40. Ba2 h6 41.
Kg2 Nc1 42. Bb1 Kxc4 0-1

[Event "HUN Team League Ch. Csongrad Region"]
[Site "Csongrád County"]
[Date "2016.04.10"]
[Round "8.5"]
[White "Tornyai, Jeno"]
[Black "Kurucsai, Andras"]
[Result "1-0"]
[WhiteElo "1949"]
[BlackElo "1735"]
[PlyCount "133"]
[EventDate "2015.09.20"]

1. d4 d5 2. Nc3 e6 3. e4 dxe4 4. Nxe4 Nf6 5. Bg5 Nbd7 6. Nxf6+ Nxf6 7. Nf3 Be7
8. Bd3 O-O 9. c3 Nd7 10. h4 c5 11. Qc2 f5 12. O-O-O cxd4 13. Bc4 Nb6 14. Rxd4
Qc7 15. Bb3 a5 16. Qe2 Bc5 17. Rdd1 Kh8 18. Ne5 a4 19. Bc2 Nd5 20. Bd2 b6 21.
f4 Ba6 22. Bd3 Bb7 23. h5 Rfc8 24. Ng6+ Kg8 25. Qxe6+ Qf7 26. Qxf7+ Kxf7 27.
Ne5+ Kf6 28. g4 fxg4 29. Nxg4+ Kf7 30. Bxh7 Nf6 31. Bg6+ Kf8 32. Nxf6 gxf6 33.
Rhe1 Bf3 34. Be4 Bxd1 35. Bxa8 Bxh5 36. Rh1 Bg4 37. Bf3 Bf5 38. Be4 Be6 39.
Rh8+ Ke7 40. Rxc8 Bxc8 41. c4 Bd7 42. a3 f5 43. Bb7 b5 44. cxb5 Bxb5 45. Bb4
Kd6 46. Kd2 Kc7 47. Bf3 Bd4 48. Bc3 Bc5 49. Be5+ Kb6 50. Kc3 Ka6 51. Bd5 Bd7
52. Bc4+ Kb6 53. Bd4 Kc6 54. Bxc5 Kxc5 55. Bd3 Be6 56. Bb1 Bd7 57. Bc2 Kd5 58.
Kb4 Kd4 59. Bxa4 Bc8 60. Bc6 Ke3 61. a4 Kxf4 62. Kc5 Ke3 63. b4 f4 64. a5 Bf5
65. a6 Be4 66. Bxe4 Kxe4 67. a7 1-0

[Event "HUN Team League Ch. Csongrad Region"]
[Site "Csongrád County"]
[Date "2016.04.10"]
[Round "8.5"]
[White "Nagy, Zoltan"]
[Black "Vanya, Janos"]
[Result "0-1"]
[WhiteElo "1683"]
[BlackElo "1924"]
[PlyCount "62"]
[EventDate "2015.09.20"]

1. e4 c5 2. Nf3 d6 3. Bb5+ Bd7 4. a4 Nc6 5. c3 Nf6 6. d3 e6 7. Bg5 Be7 8. Bxf6
Bxf6 9. O-O O-O 10. Nbd2 a6 11. Bxc6 Bxc6 12. Re1 b5 13. axb5 axb5 14. d4 Qb6
15. Nb3 Rxa1 16. Nxa1 Ra8 17. Nc2 Ra2 18. Qb1 Ra8 19. Qd1 Qb7 20. e5 Be7 21.
Ne3 Rd8 22. Qe2 b4 23. exd6 Bxd6 24. dxc5 Bxc5 25. Rd1 Ra8 26. Nd4 Bxd4 27.
Rxd4 bxc3 28. bxc3 h6 29. f3 Qb3 30. Qd3 Qb6 31. Kf2 h5 0-1

[Event "HUN Team League Ch. Csongrad Region"]
[Site "Csongrád County"]
[Date "2016.04.10"]
[Round "8.5"]
[White "Balogh, Ferenc"]
[Black "Papp, Zoltan"]
[Result "1/2-1/2"]
[WhiteElo "1904"]
[BlackElo "1858"]
[PlyCount "53"]
[EventDate "2015.09.20"]

1. e4 d5 2. Nc3 dxe4 3. Nxe4 Nf6 4. Nxf6+ gxf6 5. d4 Bf5 6. Bd3 Bg6 7. Bxg6
hxg6 8. Bf4 e6 9. Qf3 c6 10. O-O-O Nd7 11. h4 Qa5 12. Qb3 Qb6 13. Nf3 O-O-O 14.
Qa4 Bh6 15. Bxh6 Rxh6 16. Rd3 Rh5 17. Rb3 Qa5 18. Qxa5 Rxa5 19. a3 e5 20. dxe5
Nxe5 21. Nxe5 Rxe5 22. Rd1 Rde8 23. Rf3 R8e6 24. g3 Kc7 25. b3 Re2 26. Rd2 R2e5
27. Rf4 1/2-1/2

[Event "HUN Team League Ch. Csongrad Region"]
[Site "Csongrád County"]
[Date "2016.04.10"]
[Round "8.5"]
[White "Heintz, Sebestyen"]
[Black "Farkas, Janos"]
[Result "0-1"]
[WhiteElo "1698"]
[BlackElo "1857"]
[PlyCount "68"]
[EventDate "2015.09.20"]

1. e4 e5 2. Nf3 Nc6 3. Bc4 Nf6 4. d3 Bc5 5. O-O d6 6. h3 O-O 7. c3 d5 8. exd5
Nxd5 9. Bxd5 Qxd5 10. Be3 Be7 11. d4 e4 12. Nfd2 Be6 13. c4 Qd7 14. d5 Bxh3 15.
dxc6 bxc6 16. Nxe4 Qe6 17. Qf3 Bg4 18. Qf4 Be2 19. Re1 Bxc4 20. Nc5 Bxc5 21.
Nc3 Bd6 22. Qh4 Bd5 23. a3 Qg6 24. Nxd5 cxd5 25. Rac1 Rab8 26. Bd4 a5 27. Bc3
c5 28. Be5 d4 29. Qf4 Bxe5 30. Qxe5 d3 31. Rxc5 d2 32. Rd1 Rfe8 33. Qc3 Rbd8
34. Qxa5 Qg4 0-1

[Event "HUN Team League Ch. Csongrad Region"]
[Site "Csongrád County"]
[Date "2016.04.10"]
[Round "8.5"]
[White "Bodo, Imre"]
[Black "Kohalmi, Laszlo"]
[Result "1-0"]
[WhiteElo "1767"]
[BlackElo "1571"]
[PlyCount "105"]
[EventDate "2015.09.20"]

1. d4 Nf6 2. c4 d5 3. cxd5 Qxd5 4. Nc3 Qd7 5. e4 g6 6. Nf3 Bg7 7. h3 c6 8. Bf4
O-O 9. Bc4 e6 10. Qc2 Nh5 11. Be3 Nf6 12. Rd1 Qc7 13. g4 b5 14. Bd3 Qa5 15. Bd2
Qb6 16. Ne2 Nbd7 17. b4 Bb7 18. Ng3 Rfe8 19. g5 Nd5 20. exd5 exd5+ 21. Kf1 Re6
22. Re1 Rae8 23. Rxe6 Rxe6 24. h4 Bxd4 25. Nxd4 Qxd4 26. Bc3 Qf4 27. Bd2 Qd4
28. Qc3 Qxc3 29. Bxc3 Ne5 30. Be2 Nc4 31. Rg1 a5 32. Bxc4 bxc4 33. a3 axb4 34.
axb4 Ba6 35. Kg2 h6 36. Re1 c5 37. bxc5 hxg5 38. hxg5 Bb7 39. Bd4 Ra6 40. Rh1
Kf8 41. Rh8+ Ke7 42. Rb8 Bc6 43. Ne2 Ke6 44. Kf3 Kf5 45. Rf8 Ra3+ 46. Kg2 Kxg5
47. Rxf7 Ra2 48. Nf4 Rd2 49. Ne6+ Kg4 50. Rf4+ Kh5 51. Kg3 g5 52. Rf6 g4 53.
Be3 1-0

[Event "HUN Team League Ch. Csongrad Region"]
[Site "Csongrád County"]
[Date "2016.04.10"]
[Round "8.5"]
[White "Komocsin, Kont"]
[Black "Arato, Daniel"]
[Result "1/2-1/2"]
[WhiteElo "1563"]
[BlackElo "1642"]
[PlyCount "80"]
[EventDate "2015.09.20"]

1. e4 c5 2. Nf3 e6 3. Nc3 Nc6 4. a3 d5 5. exd5 exd5 6. Be2 Nf6 7. d3 Bf5 8. Bg5
Be7 9. O-O d4 10. Bxf6 Bxf6 11. Ne4 b6 12. Nxf6+ Qxf6 13. Nd2 O-O 14. Bf3 Rac8
15. Bxc6 Qxc6 16. Re1 Qg6 17. Qf3 b5 18. b3 Be6 19. Qb7 c4 20. Qxb5 cxb3 21.
Nxb3 Rb8 22. Qe5 Bxb3 23. Rab1 Qe6 24. Qxb8 Rxb8 25. Rxe6 fxe6 26. cxb3 e5 27.
Kf1 Kf7 28. Ke2 Ke6 29. b4 Kd6 30. Kd2 g5 31. h3 h5 32. f3 a5 33. b5 Kc5 34. a4
h4 35. Rc1+ Kb4 36. Rc4+ Kb3 37. Kc1 Rb7 38. Kd2 Rb8 39. Ke2 Rb7 40. Kf2 Rb8
1/2-1/2

[Event "HUN Team League Ch. Csongrad Region"]
[Site "Csongrád County"]
[Date "2016.04.10"]
[Round "8.5"]
[White "Balogh, Judit Dora"]
[Black "Gabor, Geza"]
[Result "1/2-1/2"]
[WhiteElo "1642"]
[BlackElo "1648"]
[PlyCount "134"]
[EventDate "2015.09.20"]

1. d4 e5 2. c3 exd4 3. cxd4 d5 4. Nc3 c6 5. Bf4 Bd6 6. Qd2 Nf6 7. Bxd6 Qxd6 8.
e3 Bf5 9. Nf3 Nbd7 10. Bd3 Bxd3 11. Qxd3 O-O 12. O-O Rae8 13. h3 Ne4 14. Rad1
Qb4 15. Qc2 f5 16. Nd2 Ndf6 17. Qb3 Qe7 18. Nf3 Rb8 19. Ne5 Nd7 20. Nxd7 Qxd7
21. Ne2 Qd6 22. Nf4 Nf6 23. Rc1 Ne4 24. Rfd1 Kh8 25. Nd3 g5 26. Ne5 Kg7 27. Qc2
f4 28. Rf1 fxe3 29. fxe3 c5 30. Qd1 Rxf1+ 31. Qxf1 Rf8 32. Qb5 b6 33. Qc6 Qxc6
34. Nxc6 h5 35. a3 h4 36. dxc5 bxc5 37. Rd1 Ng3 38. Nxa7 d4 39. exd4 cxd4 40.
Nc6 d3 41. Nd4 Kg6 42. Nf3 Kf5 43. Rxd3 Ke4 44. Rd7 Kf4 45. a4 Rc8 46. Rd1 Rb8
47. Rb1 Ne2+ 48. Kf1 Nc3 49. Ra1 Rxb2 50. a5 Rb8 51. a6 Ra8 52. Nd4 Ke5 53.
Nf3+ Kf4 54. Nd4 Ke5 55. Nb3 Kd6 56. Kf2 Kc6 57. Kf3 Kb6 58. Kg4 Ka7 59. Nc5
Re8 60. Rf1 Re7 61. Rf5 Nd1 62. Rxg5 Rh7 63. Kf5 Ne3+ 64. Kg6 Rc7 65. g3 hxg3
66. Rxg3 Rc6+ 67. Kh7 Nf5 1/2-1/2

[Event "HUN Team League Ch. Csongrad Region"]
[Site "Csongrád County"]
[Date "2016.04.10"]
[Round "8.5"]
[White "Magony, Milan"]
[Black "Koszta, Benedek"]
[Result "0-1"]
[WhiteElo "1274"]
[BlackElo "1680"]
[PlyCount "72"]
[EventDate "2015.09.20"]

1. b4 e6 2. Bb2 Nf6 3. b5 d5 4. e3 Be7 5. c4 dxc4 6. Bxc4 O-O 7. Nf3 c6 8. a4
cxb5 9. axb5 b6 10. d4 Bb7 11. Nbd2 Nbd7 12. O-O Bb4 13. Ba3 Bxa3 14. Rxa3 Qb8
15. h3 Rc8 16. Bd3 Nd5 17. Nb1 N7f6 18. e4 Nf4 19. e5 Nxd3 20. exf6 Nf4 21.
fxg7 Rc1 22. Qd2 Rxf1+ 23. Kxf1 Be4 24. Qd1 Qd6 25. Re3 Bg6 26. Ng1 Qd5 27. f3
Qxb5+ 28. Ne2 Nxe2 29. Rxe2 Qxb1 30. Qxb1 Bxb1 31. Re5 Kxg7 32. Rg5+ Kf6 33. f4
b5 34. Rg3 Bg6 35. Rb3 a5 36. Rxb5 Bd3+ 0-1